[Event "Hoogeveen"]
[Site "Essent 11"]
[Date "2007.10.14"]
[Round "1"]
[White "Ponomariov, Ruslan"]
[Black "Andriasian, Zaven"]
[Result "1-0"]
[WhiteElo "2705"]
[BlackElo "2546"]
[Annotator "JvR"]
[PlyCount "71"]
[EventDate "2007.10.14"]
[SourceDate "1998.01.31"]

1. d4 d5 2. c4 c6 3. Nf3 Nf6 4. e3 e6 5. b3 Nbd7 6. Bb2 Bd6 7. Bd3 O-O 8. O-O
b6 9. Nc3 Bb7 10. Rc1 Rc8 11. Qe2 c5 12. cxd5 $5 ({Usual is} 12. Rfd1) 12...
Nxd5 13. Nxd5 Bxd5 14. Ba6 Rc7 15. e4 $1 Ba8 16. Rcd1 Qe8 17. a3 Be7 $6 (17...
Bf4 $1 18. g3 Bh6 {activates a bishop in the right way.}) 18. d5 $1 exd5 19.
exd5 Bd6 20. Qd3 $1 Qd8 21. Rfe1 Bb7 22. Bc4 Bc8 $6 (22... Re8 {
develops a rook.}) 23. Re6 $1 {A penetration decides the game.} Nf6 $5 ({
The pointe is} 23... fxe6 $2 24. dxe6 Be7 25. Ng5 Bxg5 26. e7+) 24. Rxd6 $1
Qxd6 25. Be5 Qd8 26. Ng5 $1 g6 27. Bxc7 Qxc7 28. d6 Qd7 29. Re1 b5 30. Bxb5 Qg4
31. Ne4 Nxe4 32. Rxe4 Qg5 33. f4 Qf6 34. d7 Bb7 35. Re8 $1 Qa1+ 36. Kf2 {
Ponomariov concluded a successful centre attack.} 1-0

[Event "Hoogeveen"]
[Site "Essent 11"]
[Date "2007.10.15"]
[Round "2"]
[White "Mamedyarov, Shakhriyar"]
[Black "Andriasian, Zaven"]
[Result "1-0"]
[WhiteElo "2752"]
[BlackElo "2546"]
[Annotator "JvR"]
[PlyCount "67"]
[EventDate "2007.10.14"]
[SourceDate "1998.01.31"]

1. c4 Nf6 2. Nc3 c6 3. e4 e5 4. Nf3 d6 5. d4 Bg4 6. Be3 Nbd7 7. h3 $5 ({
Theory is} 7. Be2 Be7 8. O-O O-O 9. d5) 7... Bxf3 8. Qxf3 Qc7 9. O-O-O Be7 10.
g4 $1 exd4 11. Bxd4 h6 12. h4 Qa5 $5 13. Be2 O-O-O 14. Qf5 $5 Qxf5 15. exf5 {
White has achieved a favourable position.} g5 $2 (15... d5 $1 16. cxd5 c5 17.
Be3 Nb6 {counters well.}) 16. fxg6 fxg6 17. f4 Rhf8 18. g5 $1 Ne8 $5 19. Rdf1
$5 Rf7 20. Bd3 hxg5 21. fxg5 Rxf1+ 22. Rxf1 c5 23. Bf2 Ne5 24. Be4 $1 Nc7 25.
Bg3 Rh8 26. b3 b6 27. Rd1 Rh7 28. Kb1 Bf8 $2 29. Bxe5 $1 dxe5 30. Bxg6 Rxh4 31.
Bf5+ Kb7 32. Rd7 $1 Rf4 33. Rf7 Bd6 34. g6 {Andriasian has been outmanoeuvred.}
1-0

[Event "Hoogeveen"]
[Site "Essent 11"]
[Date "2007.10.16"]
[Round "3"]
[White "Andriasian, Zaven"]
[Black "Van Wely, Loek"]
[Result "0-1"]
[WhiteElo "2546"]
[BlackElo "2680"]
[Annotator "JvR"]
[PlyCount "88"]
[EventDate "2007.10.14"]
[SourceDate "1998.01.31"]

1. e4 c5 2. Nf3 e6 3. d4 cxd4 4. Nxd4 Nf6 5. Nc3 d6 6. g3 Nc6 7. Bg2 Bd7 8. O-O
Be7 9. Be3 O-O 10. Qe2 a6 11. Rad1 Qc7 12. a4 Rab8 13. f4 Nxd4 $5 14. Bxd4 e5
$1 15. Be3 b5 16. axb5 axb5 17. Rfe1 $6 ({Preferable is} 17. fxe5 dxe5 18. Nd5)
17... Bg4 $1 18. Bf3 Bxf3 19. Qxf3 b4 $1 20. fxe5 dxe5 21. Nd5 Nxd5 22. Rxd5 $2
({Right is} 22. exd5 Bd6 23. Rd2) 22... Qxc2 {Black has gained a pawn.} 23. Re2
Qb3 24. Kg2 ({The pointe is} 24. Rxe5 Bf6 25. Rd5 Bxb2) 24... f6 25. Qf5 Kh8
26. Rd7 Rf7 27. Bf2 Bf8 28. Rd5 Re8 29. Red2 g6 30. Qf3 Qc4 31. b3 Qc6 32. Qd3
Rc8 33. Ra5 Kg7 34. Ra6 Qc1 35. Qd5 h5 36. Rda2 $5 Bc5 $1 37. h4 Bxf2 38. Rxf2
Rc2 $5 39. Ra2 $2 (39. Ra8 $1 Rxf2+ 40. Kxf2 Qc2+ 41. Kf1 $1 {defends properly.
}) 39... Rc3 40. Rad2 Qb1 41. Rf3 Rfc7 42. Qd6 Qxe4 43. Qxf6+ Kh7 44. Kf2 Rc2 {
Andriasian lost again.} 0-1

[Event "Hoogeveen"]
[Site "Essent 11"]
[Date "2007.10.18"]
[Round "4"]
[White "Andriasian, Zaven"]
[Black "Ponomariov, Ruslan"]
[Result "0-1"]
[WhiteElo "2546"]
[BlackElo "2705"]
[Annotator "JvR"]
[PlyCount "86"]
[EventDate "2007.10.14"]
[SourceDate "1998.01.31"]

1. e4 c5 2. Nf3 e6 3. Nc3 Nc6 4. d4 cxd4 5. Nxd4 d6 6. Be3 Nf6 7. Be2 Be7 8.
O-O O-O 9. f4 Bd7 10. Bf3 Nxd4 11. Bxd4 Bc6 12. Qe2 a6 13. Rad1 Qc7 14. Kh1 e5
15. Be3 b5 16. a3 Rac8 17. Rd2 Qb7 18. fxe5 $5 dxe5 19. Bg5 Ne8 20. Bxe7 Qxe7 {
Andriasian has achieved an equal position.} 21. Qe3 Nf6 22. Rfd1 Bb7 23. h3 h6
24. Rd6 Rc4 25. R1d2 Rfc8 26. Kh2 $5 R4c6 $5 27. Rxc6 Bxc6 28. Qb6 Bb7 29. Kh1
Qc7 30. Qe3 $5 {Exchange would be easier.} Kh7 31. Kg1 g6 32. Kf2 Kg7 33. Qd3
$2 (33. Kg1 {is a correct waiting move.}) 33... b4 $1 34. axb4 Qb6+ 35. Qe3
Qxb4 {White has to lose a pawn.} 36. Kg3 $2 Qxb2 37. Nd1 Qc1 38. Rd6 Rxc2 39.
Rb6 Qxe3 40. Nxe3 Rc7 41. Kh2 Bxe4 42. Bxe4 Nxe4 43. Rxa6 h5 {
Black has two extra pawns in the endgame.} 0-1

[Event "Hoogeveen"]
[Site "Essent 11"]
[Date "2007.10.19"]
[Round "5"]
[White "Van Wely, Loek"]
[Black "Andriasian, Zaven"]
[Result "1-0"]
[WhiteElo "2680"]
[BlackElo "2546"]
[Annotator "JvR"]
[PlyCount "105"]
[EventDate "2007.10.14"]
[SourceDate "1998.01.31"]

1. d4 d5 2. c4 c6 3. Nc3 Nf6 4. e3 e6 5. Nf3 Nbd7 6. Bd3 dxc4 7. Bxc4 b5 8. Bd3
Bd6 9. O-O O-O 10. e4 e5 11. Ne2 Bb7 12. Qc2 Re8 13. Bg5 h6 $5 14. Bh4 Qb6 15.
a4 a6 16. Rad1 $2 (16. dxe5 Nxe5 17. Bxf6 gxf6 {keeps the equality.}) 16...
Rac8 $6 (16... exd4 $1 17. Nfxd4 c5 18. Nf5 Bf8 {favours Black.}) 17. dxe5 Nxe5
$5 18. Bxf6 gxf6 19. Nh4 $1 {Positional problems arise for Black.} c5 20. Nc3
c4 21. Be2 bxa4 $6 ({Preferable is} 21... Bf8 $5 22. axb5 axb5 23. Nf5 Ng6) 22.
Nxa4 Qb4 23. Nc3 Bf8 24. Nf5 Red8 25. Nd5 $1 {
The white knights are placed ideally.} Bxd5 26. exd5 Rc5 $6 (26... Qb3 27. Qe4
Qxb2 28. d6 Qb5 {offers more resistance.}) 27. d6 $1 Qb3 28. Qe4 Qb5 ({Or} 
28... Qxb2 29. f4 Nd3 30. Bxd3 cxd3 31. Rxd3 {(Van Wely).}) 29. f4 Ng6 30. g4
$1 Qb6 31. Kh1 Qc6 32. Bf3 Qxe4 33. Bxe4 Rb5 34. Rd2 Rb4 35. Bd5 a5 36. h4 c3
$5 37. bxc3 Rxf4 38. Rxf4 Nxf4 39. Bc6 $1 {
White has two connected passed pawns and active pieces.} Ne6 40. c4 Nc5 41. Rd5
Ne6 42. Bb5 Nf4 43. Rd1 Ne6 44. Kg2 Nc5 45. Rd5 Ne4 46. d7 a4 $5 47. Bxa4 Nc3
48. Bc6 $1 {A subtle way to victory is found.} Nxd5 49. cxd5 Kh7 50. d6 Kg6 51.
h5+ Kg5 52. Kf3 Rb8 53. Bb7 $1 {The rook is dominated.} 1-0

[Event "Hoogeveen"]
[Site "Essent 11"]
[Date "2007.10.20"]
[Round "6"]
[White "Andriasian, Zaven"]
[Black "Mamedyarov, Shakhriyar"]
[Result "0-1"]
[WhiteElo "2546"]
[BlackElo "2752"]
[Annotator "JvR"]
[PlyCount "80"]
[EventDate "2007.10.14"]
[SourceDate "1998.01.31"]

1. e4 d6 2. d4 Nf6 3. Nc3 g6 4. f3 c6 5. Be3 b5 6. Qd2 Nbd7 7. g4 Nb6 8. g5
Nfd7 9. h4 b4 10. Nd1 c5 $5 11. h5 cxd4 12. Qxd4 e5 13. Qd2 Bb7 14. Bxb6 $5
Qxb6 15. Bc4 $5 {White has prevented ..d5 at a positional cost.} Be7 16. Nh3 $6
{The knight moves off-side.} Qc5 17. Ne3 Nb6 18. Bb3 Bc8 19. Ng4 a5 20. a3 bxa3
21. Rxa3 gxh5 22. Ngf2 a4 $1 23. Bd5 $2 ({Better is} 23. Nd3 Qa5 24. Qxa5 Rxa5
25. Nhf2) 23... Nxd5 24. Qxd5 Qxd5 25. exd5 Rb8 26. Rxa4 Rxb2 27. Kd2 Rb5 28.
c4 Rb3 29. Ke2 O-O $1 {He completes the development.} 30. Ne4 Rb2+ 31. Ke3 Bf5
32. Nhf2 Rfb8 33. Ra3 Rc2 34. Nf6+ $6 (34. c5 $1 dxc5 35. d6 {
counters in the centre.}) 34... Kg7 35. N2e4 Kg6 36. Ng3 h6 37. Rxh5 $2 (37.
Nxf5 Kxf5 38. Ne4 hxg5 39. Kd3 {offers more resistance.}) 37... hxg5 38. Ng4
Bxg4 39. fxg4 Rxc4 40. Ne4 f5 $1 {Poor Andriasian lost all games.} 0-1

[Event "Hoogeveen"]
[Site "Essent 11"]
[Date "2007.10.20"]
[Round "6"]
[White "Ponomariov, Ruslan"]
[Black "Van Wely, Loek"]
[Result "0-1"]
[WhiteElo "2705"]
[BlackElo "2680"]
[Annotator "JvR"]
[PlyCount "84"]
[EventDate "2007.10.14"]
[SourceDate "1998.01.31"]

1. e4 c5 2. Nf3 d6 3. d4 cxd4 4. Nxd4 Nf6 5. Nc3 a6 6. Be3 e5 7. Nb3 Be6 8. Qd2
Be7 9. O-O-O Nbd7 10. f4 Ng4 11. g3 Nxe3 12. Qxe3 b5 13. Kb1 Nf6 $5 14. Be2 Qb8
$5 15. Nd5 Bxd5 16. exd5 Qc7 $5 17. g4 O-O 18. fxe5 dxe5 19. g5 Ne8 $1 {
He has to control d6.} 20. Bg4 a5 $1 21. Rhe1 Bd6 22. Qd3 $6 (22. Nd2 a4 23.
Ne4 {keeps a plus.}) 22... a4 $1 23. Nc1 $5 ({The alternative is} 23. Nd2 a3
24. b3 Bb4 $1 {(Van Wely)} 25. Re3) 23... a3 24. b3 Bb4 $1 {
Black takes the initiative.} 25. Re4 $5 Be7 26. Qe3 Bc5 27. Qc3 Nd6 $1 {
Van Wely blockades.} 28. Rxe5 $2 ({Right is} 28. Re2 $1 b4 29. Qxe5) 28... b4
$1 29. Qd3 Rae8 $1 {Black attacks.} 30. Re2 Rxe2 31. Nxe2 Qe7 $1 32. c3 Qxg5
33. Bd7 Qe5 34. Rc1 Qxh2 35. cxb4 Bxb4 36. Rc2 Qh1+ 37. Nc1 Rd8 38. Bc6 f5 39.
Re2 Qg1 40. Re6 Rf8 41. Qe2 Ne4 $1 42. Kc2 Qd4 {The final standings became:
Mamedyarov 41/2/6, Van Wely 4, Ponomariov 31/2, Andriasian 0.} 0-1

[Event "Hoogeveen"]
[Site "Essent 12"]
[Date "2008.10.19"]
[Round "1"]
[White "Sokolov, Ivan"]
[Black "Sebag, Marie"]
[Result "1-0"]
[WhiteElo "2650"]
[BlackElo "2533"]
[Annotator "JvR"]
[PlyCount "65"]
[EventDate "2008.10.19"]
[SourceDate "1998.01.31"]

1. d4 d5 2. c4 c6 3. Nf3 Nf6 4. Nc3 e6 5. g3 Nbd7 6. Bg2 dxc4 7. O-O Bb4 8. a3
Be7 9. e4 $5 ({Known is} 9. a4 a5 10. e4) 9... O-O 10. Re1 Re8 11. Bf4 a6 12.
a4 $1 Bb4 13. Nd2 c5 $6 ({\/Preferable is} 13... e5 $1 14. dxe5 Nxe5 15. Bxe5
Rxe5 16. Nxc4 Re8) 14. Bd6 $1 cxd4 $2 (14... Bxc3 15. bxc3 cxd4 16. cxd4 c3 {
offers more resistance.}) 15. Bxb4 a5 16. Ba3 dxc3 17. Nxc4 cxb2 18. Rb1 $5 Qc7
$6 (18... e5 19. Rxb2 b6 {fights for survival.}) 19. Nd6 Rd8 20. Nb5 Qb6 21.
Be7 Re8 22. Bd6 $1 Nc5 23. e5 Nd5 24. Bxd5 exd5 25. Qd4 $1 Nd7 26. Qxb2 Nf8 27.
Nc7 Qxb2 28. Rxb2 Bd7 29. Nxe8 Bxe8 30. Rxb7 Bxa4 31. Reb1 Nd7 32. Ra1 Bc6 33.
Rc7 {White threatens Rxa5!} 1-0

[Event "Hoogeveen"]
[Site "Essent 12"]
[Date "2008.10.20"]
[Round "2"]
[White "Adly, Ahmed"]
[Black "Sokolov, Ivan"]
[Result "0-1"]
[WhiteElo "2586"]
[BlackElo "2650"]
[Annotator "JvR"]
[PlyCount "60"]
[EventDate "2008.10.19"]
[SourceDate "1998.01.31"]

1. Nf3 d5 2. c4 dxc4 3. e3 Be6 4. Nc3 Nf6 5. Ng5 Bg4 $5 6. f3 Bd7 7. Bxc4 e6 8.
d4 Be7 9. O-O O-O 10. f4 c5 11. Qe2 Nc6 12. dxc5 Bxc5 13. Kh1 Rc8 14. Bd2 h6
15. Nge4 Bb6 16. Nd6 Rb8 17. Rad1 Qe7 18. Be1 Ne8 19. Nce4 Nxd6 20. Nxd6 Bc7
21. Nb5 Bb6 22. Qg4 Kh8 23. Bc3 f6 24. Bd3 Be8 {Black has a crammed position.}
25. a3 Rd8 26. Bc4 $6 ({Preferable is} 26. Bb1) 26... Qc5 $1 27. b3 $4 ({
Right is} 27. Be2 $1 Rxd1 28. Rxd1 Qxe3 29. Nd6 {
and White has compensation for the pawn.}) 27... Bh5 $1 28. Rxd8 Bxg4 $1 29.
Rxf8+ Qxf8 30. e4 a6 {White has collapsed.} 0-1

[Event "Hoogeveen"]
[Site "Essent 12"]
[Date "2008.10.20"]
[Round "2"]
[White "Smeets, Jan"]
[Black "Sebag, Marie"]
[Result "1-0"]
[WhiteElo "2604"]
[BlackElo "2533"]
[Annotator "JvR"]
[PlyCount "81"]
[EventDate "2008.10.19"]
[SourceDate "1998.01.31"]

1. e4 c5 2. Nf3 Nc6 3. d4 cxd4 4. Nxd4 Nf6 5. Nc3 e5 6. Ndb5 d6 7. Bg5 a6 8.
Na3 b5 9. Nd5 Be7 10. Bxf6 Bxf6 11. c3 Bg5 12. Nc2 O-O 13. a4 bxa4 14. Rxa4 a5
15. Bc4 Rb8 16. b3 Kh8 17. Nce3 g6 18. Qe2 f5 19. h4 Bxe3 20. Nxe3 $5 ({
Usual is} 20. Qxe3) 20... f4 21. Nf1 $1 Bd7 22. Nd2 Ne7 $6 ({Slightly better is
} 22... Qe7 23. Ra1 Rfc8) 23. Ra3 Qc7 24. Qd3 h6 25. O-O Ra8 26. Rfa1 Bc6 27.
b4 axb4 28. cxb4 Rxa3 29. Rxa3 Bb7 30. b5 Rd8 31. Rb3 Qb6 32. Rb1 Kg7 33. Qh3
$5 Bc8 34. Be6 Bb7 35. Ba2 Bc8 $2 (35... d5 $1 36. Qc3 Qd6 {
counters at the right time.}) 36. Qb3 $1 d5 $5 37. exd5 Rxd5 $5 38. Qb2 Rd4 39.
Nf3 Bf5 40. Nxd4 Bxb1 41. Ne6+ $1 {White wins material.} 1-0

[Event "Hoogeveen"]
[Site "Essent 12"]
[Date "2008.10.21"]
[Round "3"]
[White "Sebag, Marie"]
[Black "Adly, Ahmed"]
[Result "1/2-1/2"]
[WhiteElo "2533"]
[BlackElo "2586"]
[Annotator "JvR"]
[PlyCount "117"]
[EventDate "2008.10.19"]
[SourceDate "1998.01.31"]

1. e4 c5 2. Nf3 d6 3. d4 cxd4 4. Nxd4 Nf6 5. Nc3 a6 6. Bg5 e6 7. f4 Qc7 8. Bxf6
gxf6 9. Qd2 Nc6 10. O-O-O Bd7 11. Kb1 Rg8 $5 ({The main line of the Rauzer is} 
11... O-O-O 12. Bc4 Kb8) 12. g3 Nxd4 13. Qxd4 Qc5 14. Qd3 $5 O-O-O 15. Be2 Bc6
16. Rhf1 Kb8 17. f5 Be7 18. Bh5 Rgf8 19. Bf3 Rc8 20. Qd2 Qe5 $5 21. Qh6 $1 b5
$5 22. a3 $1 a5 23. Qd2 $1 Rc7 24. Ne2 b4 $1 25. axb4 axb4 26. Qxb4+ Rb7 {
Black has sacrificed a pawn for an attack.} 27. Qc3 Rc8 28. Qxe5 fxe5 $6 ({
Better is} 28... dxe5 29. Nc3 Ba3 30. b3 Be8) 29. fxe6 fxe6 30. b3 Rb4 $5 31.
Nc3 Be8 $5 32. Kb2 $1 Bg6 $2 ({Preferable is} 32... Rb7) 33. Bg4 $1 Bxe4 34.
Nxe4 $2 (34. Rf7 $1 Rc7 35. Bxe6 {plays for a win.}) 34... Rxe4 35. Bxe6 Rc7 {
The bishops of a different colour help the defence.} 36. Bc4 h5 37. h4 Rg4 38.
Rf5 $5 Rxg3 39. Rxh5 e4 40. Rb5+ Rb7 41. Rxb7+ Kxb7 42. Bd5+ Kc7 43. Bxe4 Bxh4
44. c4 $5 Re3 45. Bd5 Re2+ 46. Ka3 Re1 47. Rd3 Ra1+ 48. Kb2 Bf6+ 49. Kc2 Ra2+
50. Kd1 Ra1+ 51. Ke2 Ra2+ 52. Kf3 Rc2 53. Ke4 Rc3 54. Rd1 $5 Rxb3 55. Rf1 Bg5
56. Rf7+ Kd8 57. Kf5 Be7 58. Rh7 Re3 59. Rh8+ {White cannot charge anymore.}
1/2-1/2

[Event "Hoogeveen"]
[Site "Essent 12"]
[Date "2008.10.21"]
[Round "3"]
[White "Sokolov, Ivan"]
[Black "Smeets, Jan"]
[Result "1-0"]
[WhiteElo "2650"]
[BlackElo "2604"]
[Annotator "JvR"]
[PlyCount "61"]
[EventDate "2008.10.19"]
[SourceDate "1998.01.31"]

1. d4 d5 2. c4 c6 3. Nf3 Nf6 4. Nc3 e6 5. g3 dxc4 6. Bg2 Nbd7 7. a4 Bb4 8. O-O
O-O 9. Qc2 Qe7 10. Bf4 Nd5 11. Bg5 f6 12. Bd2 $5 c5 $6 ({Preferable is} 12...
a5 $1 13. e4 N5b6 14. e5 fxe5 15. Nxe5 Nxe5 16. dxe5 Nd5) 13. Nxd5 exd5 14.
Bxb4 cxb4 15. Nh4 $1 {He conquers square f5.} Qe6 16. e4 Qb6 $6 (16... Qf7 $1
17. exd5 Nb6 18. d6 b3 19. Qc3 Be6 20. a5 Nd5 $1 {defends solidly.}) 17. exd5
$5 Qxd4 18. Rfd1 Qc5 19. d6 $1 Ne5 20. Rd5 $1 Qb6 21. a5 Qd8 $5 22. f4 Ng4 23.
Rh5 $1 g6 24. Bd5+ Kg7 25. Rxh7+ $1 Kxh7 26. Qxg6+ Kh8 27. h3 $5 Qxd6 28. Qh5+
$1 Kg7 29. hxg4 f5 30. Qg5+ Kh7 31. Re1 {White has a mate attack. The
standings after one cycle became: Sokolov 3, Smeets 11/2, Adly 1, Sebag 1/2.}
1-0

[Event "Hoogeveen"]
[Site "Essent 12"]
[Date "2008.10.23"]
[Round "4"]
[White "Adly, Ahmed"]
[Black "Smeets, Jan"]
[Result "1-0"]
[WhiteElo "2586"]
[BlackElo "2604"]
[Annotator "JvR"]
[PlyCount "85"]
[EventDate "2008.10.19"]
[SourceDate "1998.01.31"]

1. c4 c6 2. Nf3 d5 3. e3 Nf6 4. d4 Bg4 5. Bd3 Nbd7 6. Nc3 e6 7. Bd2 Bd6 8. h3
Bh5 9. Qb3 dxc4 $5 10. Bxc4 b5 11. Be2 O-O 12. Rc1 a6 13. Ng5 Bxe2 14. Nxe2 Qc7
15. e4 h6 16. e5 hxg5 17. exd6 Qxd6 18. Bb4 c5 $1 19. dxc5 Qd5 $5 20. c6 Ne5
21. Qxd5 Nxd5 22. Bxf8 Nd3+ $1 23. Kd2 Nxc1 24. Rxc1 Kxf8 25. Nc3 Nb6 $5 26.
Ne4 Rc8 27. b3 f6 $5 (27... Ke7 $1 28. Nxg5 Nd5 {draws.}) 28. Nc5 $1 Ke7 29.
Nxa6 Nd5 30. a4 bxa4 31. b4 $5 Kd6 32. b5 Nc7 $1 33. Nxc7 Rxc7 $2 ({Correct is
} 33... Kxc7 $1 34. Kc3 a3 35. Kb4 Ra8 36. Kc5 Ra5) 34. Rc3 Rc8 35. Kd3 $1 Kd5
$6 (35... Kc7 $5 36. Kc4 Kb6 37. Rd3 $1 Rc7 38. Kb4 $1 Ra7 39. Rd6 a3 40. c7+
$1 Kxc7 41. b6+ $1 {wins for White.}) 36. c7 $1 a3 37. b6 a2 38. Rc1 $1 e5 39.
Kd2 f5 40. b7 Rxc7 41. Rxc7 a1=Q 42. b8=Q Qd4+ 43. Kc1 {Adly has gained a rook.
} 1-0

[Event "Hoogeveen"]
[Site "Essent 12"]
[Date "2008.10.24"]
[Round "5"]
[White "Adly, Ahmed"]
[Black "Sebag, Marie"]
[Result "0-1"]
[WhiteElo "2586"]
[BlackElo "2533"]
[Annotator "JvR"]
[PlyCount "100"]
[EventDate "2008.10.19"]
[SourceDate "1998.01.31"]

1. d4 d5 2. Nf3 Nf6 3. c4 c6 4. Nc3 e6 5. e3 Nbd7 6. Qc2 Bd6 7. g4 h6 8. Bd2
dxc4 9. Bxc4 b5 10. Be2 Bb7 11. Rg1 Rc8 12. h4 b4 13. Ne4 $6 ({
The better alternative is} 13. Na4) 13... Nxe4 14. Qxe4 Qb6 15. g5 c5 16. dxc5
Nxc5 ({A novelty will become} 16... Rxc5 $5) 17. Qd4 Bxf3 18. Bxf3 Be5 19. Qc4
$1 hxg5 20. hxg5 a5 $1 (20... Bxb2 $6 21. Rb1 Ba3 22. Ke2 {
improves the white position.}) 21. g6 f6 $5 22. Rh1 $5 Rxh1+ 23. Bxh1 Ke7 24.
f4 $5 Bxb2 $1 {Black has gained a pawn.} 25. Rb1 Qd6 $1 26. Ke2 $5 Rh8 $1 27.
Kf3 f5 28. Bg2 Bf6 29. Rc1 Ne4 30. Be1 Bc3 31. Qb5 Qd5 32. Qxd5 exd5 33. Ke2
Bxe1 34. Kxe1 Nc3 35. Rc2 Rh6 36. Kd2 Kd6 37. Kd3 Kc5 38. a3 Rxg6 39. axb4+
axb4 40. Bh3 Rg3 41. Bxf5 d4 $1 42. Rh2 dxe3 43. Rh1 e2+ 44. Kd2 Kd4 45. Bc2
Rf3 46. Ke1 Rxf4 47. Bb3 g5 48. Rg1 g4 49. Kd2 Rf1 50. Rxg4+ Ke5 {
The girl defeated a boy.} 0-1

[Event "Hoogeveen"]
[Site "Essent 12"]
[Date "2008.10.24"]
[Round "5"]
[White "Smeets, Jan"]
[Black "Sokolov, Ivan"]
[Result "0-1"]
[WhiteElo "2604"]
[BlackElo "2650"]
[Annotator "JvR"]
[PlyCount "80"]
[EventDate "2008.10.19"]
[SourceDate "1998.01.31"]

1. e4 e5 2. Nf3 Nc6 3. Bb5 a6 4. Ba4 Nf6 5. O-O Be7 6. Re1 d6 7. c3 Bg4 8. h3
Bh5 9. d3 Qd7 10. Nbd2 g5 11. Nf1 g4 12. hxg4 Bxg4 13. d4 b5 14. Bb3 Rg8 $5 (
14... exd4 15. cxd4 Bxf3 16. Qxf3 Nxd4 17. Qd1 c5 {
drew in Nisipeau - Mamedyarov, Tripoli 2004.}) 15. Bd5 $5 (15. a4 $1 {
attacks on the queenside.}) 15... exd4 16. Bxc6 $1 Qxc6 17. Nxd4 $5 Qb7 $5 18.
f3 c5 19. Nf5 $5 Bxf5 20. exf5 O-O-O 21. a4 Nd5 22. axb5 axb5 23. Ra5 Bg5 24.
Nh2 $2 (24. Bxg5 Rxg5 25. Ne3 $1 {gains an edge.}) 24... h5 $1 25. Re4 $5 Nc7
26. Kh1 $5 d5 27. Re2 d4 28. Bxg5 Rxg5 29. cxd4 Rxd4 $1 30. Qa1 Qd5 $1 31. Re1
Rd2 $2 {He should capture pawn f5.} 32. Ra7 Rgxg2 33. Rxc7+ $2 (33. Nf1 $1 Qxf3
34. Rxc7+ Kxc7 35. Qa7+ {leads to perpetual check (Sokolov).}) 33... Kxc7 34.
Qa7+ Kd6 $1 35. Qb8+ Kc6 36. Qa8+ Kb6 $1 37. Qxd5 Rxh2+ $1 38. Kg1 Rxd5 39.
Kxh2 Rxf5 40. Kg3 c4 {Black has two extra pawns in the rook ending.} 0-1

[Event "Hoogeveen"]
[Site "Essent 12"]
[Date "2008.10.25"]
[Round "6"]
[White "Sebag, Marie"]
[Black "Smeets, Jan"]
[Result "0-1"]
[WhiteElo "2533"]
[BlackElo "2604"]
[Annotator "JvR"]
[PlyCount "82"]
[EventDate "2008.10.19"]
[SourceDate "1998.01.31"]

1. e4 e5 2. Nf3 Nc6 3. Bb5 a6 4. Ba4 Nf6 5. O-O Bc5 6. c3 b5 7. Bc2 d5 8. d4
dxe4 9. Nxe5 Nxe5 10. dxe5 Qxd1 11. Rxd1 Ng4 12. Bxe4 Nxf2 13. Bc6+ Ke7 14. Rd5
Bb6 15. Bxa8 Nd3+ 16. Kf1 Nxc1 17. Na3 Be6 18. Rxc1 Rxa8 19. Rd3 Bf5 20. Rdd1
Bg4 21. Re1 $5 {White plays for a win.} (21. Rd3 Bf5 22. Rdd1 Bg4 23. Rd3 {
leads to a well-known repetition.}) 21... Rd8 22. h3 Bf5 23. g4 Be6 24. Rcd1 {
She has to give a pawn.} (24. b3 $2 Rd3 $1 {favours Black.}) 24... Rxd1 25.
Rxd1 Bxa2 26. Nc2 Ke6 27. Re1 a5 28. Nd4+ $1 Kd5 $5 ({The alternative is} 28...
Bxd4 29. cxd4 Kd5) 29. e6 fxe6 30. Nxe6 Kc4 $1 31. Nxg7 $4 (31. Re2 b4 32. cxb4
Kxb4 33. Ke1 Bxe6 34. Rxe6 Kb3 35. Re2 Bd4 {brings equality.}) 31... Kb3 $1 32.
Re2 Bb1 $1 33. Ke1 Bc2 $1 {An elegant manoeuvre nets a pawn.} 34. Re5 b4 35.
cxb4 a4 $3 {This pawn cannot be stopped.} 36. Ne6 Kxb2 37. Nc5 a3 38. Re8 a2
39. Ra8 Bxc5 40. bxc5 a1=Q+ 41. Rxa1 Kxa1 {
Smeets won the endgame with subtlety.} 0-1

[Event "Hoogeveen"]
[Site "Unive 13"]
[Date "2009.10.18"]
[Round "1"]
[White "Polgar, Judit"]
[Black "Tiviakov, Sergei"]
[Result "1/2-1/2"]
[WhiteElo "2687"]
[BlackElo "2670"]
[Annotator "JvR"]
[PlyCount "106"]
[EventDate "2009.10.18"]
[SourceDate "1998.01.31"]

1. e4 d5 2. exd5 Qxd5 3. Nc3 Qd6 4. d4 Nf6 5. Nf3 c6 6. Ne5 Nbd7 7. Nc4 Qc7 8.
a4 g6 9. g3 Bg7 10. Bg2 Nb6 11. Nxb6 axb6 $5 (11... Qxb6 {
drew in Radjabov - Nisipeanu, Bazna 2009.}) 12. Bf4 Qd8 13. O-O Be6 14. Re1 Qd7
15. Qd3 O-O 16. Rad1 Nd5 17. Nxd5 Bxd5 18. b3 Bxg2 19. Kxg2 Rfd8 20. Qe4 Bf6
21. h4 h5 22. c4 b5 23. axb5 cxb5 24. d5 $1 {Polgar has a plus.} Rac8 25. Be3
$6 bxc4 26. bxc4 Qa4 $1 27. Bb6 Rd7 $6 (27... Rxc4 28. Qxc4 Qxc4 29. Bxd8 Bd4 {
keeps the equality.}) 28. c5 Qxe4+ 29. Rxe4 e6 30. d6 Bd8 31. Bxd8 Rdxd8 32.
Re5 Rd7 33. Rb1 f6 $5 34. Rxe6 Rxc5 $6 (34... Kf7 {draws.}) 35. Rxf6 Kg7 36.
Re6 Kf7 37. Rbe1 Rc6 38. Re7+ Rxe7 39. Rxe7+ Kf6 40. Rxb7 Rxd6 41. Kf3 Rd2 42.
Ke3 Ra2 43. Rd7 Ra5 44. Rd6+ Kf5 45. f3 Ra3+ 46. Rd3 Ra4 47. Rd5+ Kf6 48. Rd4
Ra3+ 49. Ke4 Ra6 50. g4 Re6+ 51. Kf4 hxg4 52. fxg4 g5+ 53. hxg5+ Kg6 {
White has two extra pawns, but the rook ending is drawn.} 1/2-1/2

[Event "Hoogeveen"]
[Site "Unive 13"]
[Date "2009.10.19"]
[Round "2"]
[White "Giri, Anish"]
[Black "Tiviakov, Sergei"]
[Result "1/2-1/2"]
[WhiteElo "2552"]
[BlackElo "2670"]
[PlyCount "103"]
[EventDate "2009.10.18"]
[SourceDate "1998.01.31"]

1. d4 Nf6 2. c4 e6 3. g3 d5 4. Nf3 Bb4+ 5. Bd2 Be7 6. Bg2 c6 7. O-O O-O 8. Bf4
b6 9. Nc3 Bb7 10. Rc1 Nbd7 11. cxd5 cxd5 12. Nb5 Ne8 13. Qd3 a6 14. Nc7 Rc8 15.
Nxa6 Ra8 16. Nc7 Rxa2 17. Qb3 Ra5 18. Bd2 Ra7 19. Nb5 Ra8 20. Bb4 Ba6 21. Ne5
Nxe5 22. dxe5 Bc5 23. Na3 Bxb4 24. Qxb4 Bxe2 25. Rfe1 Ba6 26. Rc6 Rb8 27. Nc2
Bc8 28. Nd4 Bd7 29. Ra1 Rb7 30. Rc3 g6 31. g4 Ng7 32. h3 f6 33. Qd6 fxe5 34.
Qxe5 Qb8 35. Nf3 b5 36. Rac1 Qxe5 37. Nxe5 Ne8 38. Rc5 Kg7 39. Re1 Kf6 40. h4
Ng7 41. b4 Rfb8 42. Rc3 Ke7 43. Ra1 Ne8 44. Nd3 Rc7 45. Nc5 Nf6 46. Re1 Kd6 47.
g5 Ne8 48. Bh3 Bc8 49. Bxe6 Re7 50. Rce3 Ng7 51. Bxc8 Rxe3 52. fxe3 1/2-1/2